000 00448nam a2200097Ia 4500
008 180130s9999 xx 000 0 und d
245 _cAl-Jobouri, Laith; Fleury, Martin; Ghanbari, Mohammed
_aComprehensive protection of data-partitioned video for broadband wireless IPTV streaming
260 _c2016
300 _aBook title: Mobile telecommunications technology--Acession number C20743; pages 203-224
650 _aMOBILE TELECOMMUNICATIONS TECHNOLOGY
999 _c354012
_d354012